000 00701nam a2200241Ia 4500
003 OSt
005 20220918191148.0
006 a|||||r|||| 00| 0
007 ta
008 220917b |||||||| |||| 00| 0 eng d
024 _a61,780
037 _cTextual
040 _aARTS
_cARTS
_beng
041 _2eng
_aeng
082 _aQ42:3, M0
100 _aGyatso G K
_975122
245 0 _aMeaningful to behold
_b View mediation and action in Mahayana Buddhism ed by Jonathan Landaw tr by Tenzin Norbu
260 _aEngland
_bWisdom Publication
_c1980
300 _axii, 351p.
_ccm.
650 _aRELIGION
942 _hQ42:3, M0
_cTEXL
_2CC
999 _c188554
_d188554